| 000 | 00000nam##2200000za#4500 |
| 001 | 9.641156 |
| 003 | CaOODSP |
| 005 | 20250403105354 |
| 007 | cr ||||||||||| |
| 008 | 150407|1994||||xxc|||||o f|0| 0 fre|d |
| 040 | |aCaOODSP|bfre |
| 043 | |an-cn--- |
| 086 | 1 |aCS92-329/1994F-PDF |
| 245 | 00|aLogements et ménages |h[ressource électronique] |
| 246 | 1 |iDeuxième titre de série imprimé sur la couverture : |aRapports techniques du recensement de 1991 |
| 260 | |aOttawa - Ontario : |bStatistique Canada |c1994. |
| 500 | |aPublication du recensement historique numérisé par Statistique Canada. |
| 590 | |a13-04-Supp|b2013-02-13 |
| 691 | 07|aLogement|2gcpds |
| 691 | 07|aRecensement|2gcpds |
| 710 | 2 |aStatistique Canada. |
| 775 | 08|tHousing and households |w(CaOODSP)9.697090 |
| 856 | 40|ahttp://publications.gc.ca|qPDF|s1863 Ko|uhttps://publications.gc.ca/collections/collection_2012/statcan/rh-hc/CS92-329-1994-fra.pdf |